UM Logo

Picture perfect/ (Record no. 10667)

MARC details
000 -LEADER
fixed length control field 00492nam a2200145 4500
008 - FIXED-LENGTH DATA ELEMENTS--GENERAL INFORMATION
fixed length control field 180913b ||||| |||| 00| 0 eng d
022 ## - INTERNATIONAL STANDARD SERIAL NUMBER
International Standard Serial Number 16565649
082 ## - DEWEY DECIMAL CLASSIFICATION NUMBER
Classification number DPer 303.405 H22 June -Sept 2016 v.12 n. 7-10
100 ## - MAIN ENTRY--PERSONAL NAME
9 (RLIN) 31139
Personal name Hongzuo, Liu.
245 ## - TITLE STATEMENT
Title Picture perfect/
Statement of responsibility, etc. Liu Hongzuo.
260 ## - PUBLICATION, DISTRIBUTION, ETC. (IMPRINT)
Place of publication, distribution, etc. Quezon City:
Name of publisher, distributor, etc. Hardware Zone Phils. Corp.,
Date of publication, distribution, etc. ©June -Sept 2016.
300 ## - PHYSICAL DESCRIPTION
Extent v12 n8, page 91.
Other physical details illustrations;
Dimensions 28 cm.
650 #0 - SUBJECT ADDED ENTRY--TOPICAL TERM
9 (RLIN) 31140
Topical term or geographic name as entry element Cellular telephones
General subdivision Cameras.
942 ## - ADDED ENTRY ELEMENTS (KOHA)
Source of classification or shelving scheme Dewey Decimal Classification
Koha item type Periodicals
Holdings
Withdrawn status Lost status Source of classification or shelving scheme Damaged status Not for loan Collection code Home library Current library Date acquired Total Checkouts Full call number Date last seen Price effective from Koha item type Public note
    Dewey Decimal Classification     Periodicals UM Digos College - LIC UM Digos College - LIC 09/13/2018   DPer 303.405 H22 June -Sept 2016 v.12 n. 7-10 09/13/2018 09/13/2018 Periodicals Periodical article